Heroes of Olympus Safe Cracker Quiz Stats

Quiz not verified by Sporcle

Also try: Books for Dummies
Challenge
Share
Tweet
Embed
Score 0/15 Timer 04:00
2 Plays Today
Start with the Heroes trio in order. % Correct
???
100%
???
93.8%
???
92.2%
???
88.6%
???
83.9%
???
79.3%
???
78.3%
???
77.6%
Start with the Heroes trio in order. % Correct
???
77.6%
???
67.4%
???
62.4%
???
58.3%
???
36.2%
???
20.2%
???
5%

You're not logged in!

Compare scores with friends on all Sporcle quizzes.
Sign Up with Email
OR
Log In

You Might Also Like...

Show Comments

Extras

Top Quizzes Today


Score Distribution

Your Account Isn't Verified!

In order to create a playlist on Sporcle, you need to verify the email address you used during registration. Go to your Sporcle Settings to finish the process.

Report this User

Report this user for behavior that violates our Community Guidelines.

Details: